Control systems (Record no. 11776)

000 -LEADER
fixed length control field 00458nam a22001817a 4500
008 - FIXED-LENGTH DATA ELEMENTS--GENERAL INFORMATION
fixed length control field 210102b ||||| |||| 00| 0 eng d
020 ## - INTERNATIONAL STANDARD BOOK NUMBER
International Standard Book Number 9789350996058
082 ## - DEWEY DECIMAL CLASSIFICATION NUMBER
Classification number 629.8
Item number BAK
100 ## - MAIN ENTRY--PERSONAL NAME
Personal name Bakshi, Uday A.
245 ## - TITLE STATEMENT
Title Control systems
250 ## - EDITION STATEMENT
Edition statement 2nd Rv. Ed.
260 ## - PUBLICATION, DISTRIBUTION, ETC. (IMPRINT)
Place of publication, distribution, etc Pune
Name of publisher, distributor, etc Technical publications
Date of publication, distribution, etc 2015
300 ## - PHYSICAL DESCRIPTION
Extent xviii, S-4p.
Other physical details Pbc
650 ## - SUBJECT ADDED ENTRY--TOPICAL TERM
Topical term or geographic name as entry element Automatic control
650 ## - SUBJECT ADDED ENTRY--TOPICAL TERM
Topical term or geographic name as entry element Control theory
700 ## - ADDED ENTRY--PERSONAL NAME
Personal name Bakshi, V. U.
942 ## - ADDED ENTRY ELEMENTS (KOHA)
Item type Books
Holdings
Withdrawn status Lost status Source of classification or shelving scheme Damaged status Not for loan Collection code Permanent location Current location Shelving location Date acquired Full call number Barcode Date last seen Koha item type Public note
          Non-fiction IMU-MPC Library IMU-MPC Library General Stacks 2021-01-02 629.8 BAK MPCG0259 2025-03-17 Books Column-61
Copyright © 2021 Indian Maritime University, Mumbai Port Campus. All Rights Reserved. Managed & Maintained by Central Library, IMU-Mumbai

webs counters

Powered by Koha